Angol jogi különlegességek
Elmentve itt :
| Szerző: | |
|---|---|
| Dokumentumtípus: | Cikk |
| Megjelent: |
1936
|
| Sorozat: | Polgári jog : a hazai és külföldi magánjog és hiteljog szemléje
12 |
| Kulcsszavak: | Jogrendszer angol |
| Online Access: | http://misc.bibl.u-szeged.hu/15879 |
| LEADER | 00607nab a2200169 i 4500 | ||
|---|---|---|---|
| 001 | misc15879 | ||
| 005 | 20191106142207.0 | ||
| 008 | 170607s1936 hu o 0|| hun d | ||
| 040 | |a SZTE Miscellanea Repozitórium |b hun | ||
| 041 | |a hun | ||
| 100 | 1 | |a Schneller György | |
| 245 | 1 | 0 | |a Angol jogi különlegességek |h [elektronikus dokumentum] / |c Schneller György |
| 260 | |c 1936 | ||
| 300 | |a 209-213a | ||
| 490 | 0 | |a Polgári jog : a hazai és külföldi magánjog és hiteljog szemléje |v 12 | |
| 695 | |a Jogrendszer angol | ||
| 856 | 4 | 0 | |u http://misc.bibl.u-szeged.hu/15879/1/polgari_jog_1936_209-213a.pdf |z Dokumentum-elérés |